|
|
|
|
| LEADER |
00000nas a2200000 i 4500 |
| 001 |
ssj0001046 |
| 003 |
WaSeSS |
| 005 |
20200512172242.0 |
| 006 |
m d |
| 007 |
cr n |
| 008 |
990729c19759999enkqx p s 0 a0eng |
| 010 |
|
|
|a 2014203614
|
| 015 |
|
|
|a GBA602945
|2 bnb
|
| 016 |
7 |
|
|a 013352107
|2 Uk
|
| 016 |
7 |
|
|a 100973172
|2 dnlm
|
| 022 |
|
|
|a 1465-3400
|l 0305-5698
|y 0305-5698
|
| 035 |
|
|
|a (WaSeSS)ssj0001046
|
| 040 |
|
|
|a F#A
|b eng
|c F#A
|d EYM
|d OCLCQ
|d MUQ
|d OCLCQ
|d CO3
|d CUD
|d CNTRU
|d HUA
|d CEF
|d UKMGB
|d OCLCQ
|d OCLCO
|d OCLCQ
|d DLC
|d OCLCO
|d SFB
|d OCLCF
|d DEFHM
|d OCLCO
|d OCLCA
|d DLC
|d NLE
|d AU@
|d VT2
|d OCLCA
|d WaSeSS
|
| 042 |
|
|
|a pcc
|a nsdp
|
| 043 |
|
|
|a e-uk---
|
| 050 |
0 |
0 |
|a L16
|
| 082 |
1 |
0 |
|a 370
|2 23
|
| 082 |
0 |
4 |
|a 370
|
| 210 |
0 |
|
|a Educ. stud.
|b (Online)
|
| 222 |
|
0 |
|a Educational studies
|b (Online)
|
| 245 |
0 |
0 |
|a Educational studies
|h [electronic resource].
|
| 260 |
|
|
|a [Abingdon, Oxfordshire] :
|b Carfax International Publishers
|
| 260 |
3 |
|
|3 <2014-> :
|a [Abingdon, Oxon] :
|b Routledge, Taylor & Francis Group
|
| 310 |
|
|
|a 5 issues per year,
|b 2008-
|
| 321 |
|
|
|a Three no. a year
|
| 362 |
1 |
|
|a Print began in 1975.
|
| 506 |
|
|
|a License restrictions may limit access.
|
| 588 |
|
|
|a Description based on print version record.
|
| 588 |
|
|
|a Latest issue consulted: Volume 43, issue 5 (2017) (Taylor & Francis Online, viewed December 15, 2017).
|
| 650 |
|
0 |
|a Education
|v Periodicals.
|
| 650 |
|
6 |
|a Éducation
|x Périodiques.
|
| 650 |
1 |
7 |
|a Onderwijs.
|2 gtt
|
| 650 |
|
7 |
|a Education.
|2 fast
|0 (OCoLC)fst00902499
|
| 650 |
|
7 |
|a Pädagogik
|2 gnd
|
| 650 |
|
7 |
|a Zeitschrift
|2 gnd
|
| 655 |
|
0 |
|a Electronic journals.
|
| 776 |
0 |
8 |
|i Print version:
|t Educational studies
|x 0305-5698
|w (DLC) 76644673
|w (OCoLC)2714667
|
| 850 |
|
|
|a DLC
|
| 856 |
4 |
0 |
|z Full text available from Research Library: 11/01/1997 to 12/31/2000
|u https://search.proquest.com/publication/12732
|